Public sector procurement (Record no. 117975)

MARC details
000 -LEADER
fixed length control field 01001cam a2200229 4500
001 - CONTROL NUMBER
control field WB@3612-332
008 - FIXED-LENGTH DATA ELEMENTS--GENERAL INFORMATION
fixed length control field 040908n2004 000 0 eng u
035 ## - SYSTEM CONTROL NUMBER
System control number (Sirsi) u127295
245 ## - TITLE STATEMENT
Title Public sector procurement
260 ## - PUBLICATION, DISTRIBUTION, ETC.
Date of publication, distribution, etc. 2004
490 ## - SERIES STATEMENT
Series statement ippr Press Release
Volume/sequential designation 1 September 2004 (2)
520 ## - SUMMARY, ETC.
Summary, etc. "Three steps forward two steps back: reforming PPP policy" has been published by the Institute for Public Policy Research. The report says that more change is needed to improve the process by which government chooses PFI. It argues that there is still no level playing field between the PFI and conventional public sector procurement when deciding how to finance new public buildings. http://www.ippr.org.uk/press/index.php?release=336
590 ## - LOCAL NOTE (RLIN)
Local note WB
590 ## - LOCAL NOTE (RLIN)
Local note WB
650 ## - SUBJECT ADDED ENTRY--TOPICAL TERM
Topical term or geographic name entry element PROCUREMENT CONTRACTS
650 ## - SUBJECT ADDED ENTRY--TOPICAL TERM
Topical term or geographic name entry element PFI CONTRACTS
650 ## - SUBJECT ADDED ENTRY--TOPICAL TERM
Topical term or geographic name entry element PUBLIC SERVICES
650 ## - SUBJECT ADDED ENTRY--TOPICAL TERM
Topical term or geographic name entry element PUBLIC PROCUREMENT
650 ## - SUBJECT ADDED ENTRY--TOPICAL TERM
Topical term or geographic name entry element PUBLIC PRIVATE PARTNERSHIPS
690 ## - LOCAL SUBJECT ADDED ENTRY--TOPICAL TERM (OCLC, RLIN)
Topical term or geographic name as entry element FINANCE-PFI
942 ## - ADDED ENTRY ELEMENTS (KOHA)
Suppress in OPAC 0
Holdings
Withdrawn status Lost status Source of classification or shelving scheme Damaged status Not for loan Home library Current library Shelving location Date acquired Total Checkouts Full call number Barcode Date last seen Copy number Price effective from Koha item type
    Dewey Decimal Classification     London London News article 08/09/2004   WB403413 127295-1001 06/08/2019 1 06/08/2019 News article